Central Library OPAC University of Rajshahi

Seventeenth-century English literature / (Record no. 76711)

MARC details
000 -LEADER
fixed length control field 01074nam a2200301 a 4500
001 - CONTROL NUMBER
control field 76711
003 - CONTROL NUMBER IDENTIFIER
rucl marc code BD-RjUL
005 - DATE AND TIME OF LATEST TRANSACTION
control field 20211209082857.0
008 - FIXED-LENGTH DATA ELEMENTS--GENERAL INFORMATION
fixed length control field 200113s1950 enk b 000 0 eng
035 ## - SYSTEM CONTROL NUMBER
System control number (BD-RjUL)76935
System control number (OCoLC)350378
040 ## - CATALOGING SOURCE
Original cataloging agency DLC
Transcribing agency ODaWU
Modifying agency OCoLC
-- Uk
-- DLC
-- BD-RjUL
Language of cataloging eng
041 ## - LANGUAGE CODE
Language code of text/sound track or separate title eng
082 ## - DEWEY DECIMAL CLASSIFICATION NUMBER
Edition number 23
Classification number 820.9004
Author mark and year WES 1950
100 1# - MAIN ENTRY--PERSONAL NAME
Personal name Wedgwood, C. V.
Fuller form of name (Cicely Veronica),
Dates associated with a name 1910-1997.
9 (RLIN) 237472
245 10 - TITLE STATEMENT
Title Seventeenth-century English literature /
Statement of responsibility, etc. C.V. Wedgwood.
260 ## - PUBLICATION, DISTRIBUTION, ETC. (IMPRINT)
Place of publication, distribution, etc. London;
-- New York:
Name of publisher, distributor, etc. Oxford University Press,
Date of publication, distribution, etc. 1950 [reprinted 1956,]
300 ## - PHYSICAL DESCRIPTION
Pagination v, 186 p.;
Size 17 cm.
504 ## - BIBLIOGRAPHY, ETC. NOTE
Bibliography, etc Bibliography: p. 176-180.
650 #0 - SUBJECT ADDED ENTRY--TOPICAL TERM
Topical term or geographic name as entry element English literature
Chronological subdivision Early modern, 1500-1700
General subdivision History and criticism.
9 (RLIN) 237474
651 #0 - SUBJECT ADDED ENTRY--GEOGRAPHIC NAME
Geographic name Great Britain
General subdivision Intellectual life
Chronological subdivision 17th century.
9 (RLIN) 237475
Geographic name Great Britain
General subdivision Civilization
Chronological subdivision 17th century.
9 (RLIN) 237476
942 ## - ADDED ENTRY ELEMENTS (KOHA)
Source of classification or shelving scheme Dewey Decimal Classification
Koha item type Books
Holdings
Lost status Source of classification or shelving scheme Damaged status Not for loan Collection code Permanent Location Current Location Shelving location Date acquired Total Checkouts Full call number Date last seen Copy number Koha item type Source of acquisition Cost, normal purchase price
  Dewey Decimal Classification   Not For Loan Non-fiction Central Library, University of Rajshahi Central Library, University of Rajshahi Reading Room 13/01/2020   820.9004 WES 1950 13/01/2020 C-1 Books    
  Dewey Decimal Classification     Non-fiction Central Library, University of Rajshahi Central Library, University of Rajshahi   19/10/1965   820.9004 WES 1956 20/01/2020 C-2 Books Blackwell 10.60
  Dewey Decimal Classification     Non-fiction Central Library, University of Rajshahi Central Library, University of Rajshahi   15/01/1965   820.9004 WES 1958 22/01/2020 C-3 Books Zeitlinger 10.60